<?xml version="1.0" encoding="UTF-8"?>
<record
    xmlns:xsi="http://www.w3.org/2001/XMLSchema-instance"
    xsi:schemaLocation="http://www.loc.gov/MARC21/slim http://www.loc.gov/standards/marcxml/schema/MARC21slim.xsd"
    xmlns="http://www.loc.gov/MARC21/slim">

  <leader>03689cam a2200445 i 4500</leader>
  <controlfield tag="001">19196964</controlfield>
  <controlfield tag="003">OSt</controlfield>
  <controlfield tag="005">20231207151148.0</controlfield>
  <controlfield tag="008">151223s2015    ii af    b    001 0deng d</controlfield>
  <datafield tag="010" ind1=" " ind2=" ">
    <subfield code="a">  2016319691</subfield>
  </datafield>
  <datafield tag="020" ind1=" " ind2=" ">
    <subfield code="a">9789351776420 (PISBN)</subfield>
  </datafield>
  <datafield tag="020" ind1=" " ind2=" ">
    <subfield code="z">9789351776437 (E-ISBN)</subfield>
  </datafield>
  <datafield tag="020" ind1=" " ind2=" ">
    <subfield code="a">9351776425</subfield>
  </datafield>
  <datafield tag="025" ind1=" " ind2=" ">
    <subfield code="a">I-E-2016-319691; 59-24; 60-24; 61-24</subfield>
  </datafield>
  <datafield tag="035" ind1=" " ind2=" ">
    <subfield code="a">(OCoLC)ocn933390381</subfield>
  </datafield>
  <datafield tag="035" ind1=" " ind2=" ">
    <subfield code="a">(OCoLC)933390381</subfield>
  </datafield>
  <datafield tag="037" ind1=" " ind2=" ">
    <subfield code="b">Library of Congress -- New Delhi Overseas Office</subfield>
  </datafield>
  <datafield tag="040" ind1=" " ind2=" ">
    <subfield code="a">ORE</subfield>
    <subfield code="b">eng</subfield>
    <subfield code="e">rda</subfield>
    <subfield code="c">ORE</subfield>
    <subfield code="d">ORE</subfield>
    <subfield code="d">OCLCF</subfield>
    <subfield code="d">YDXCP</subfield>
    <subfield code="d">DLC</subfield>
  </datafield>
  <datafield tag="042" ind1=" " ind2=" ">
    <subfield code="a">lccopycat</subfield>
    <subfield code="a">lcode</subfield>
  </datafield>
  <datafield tag="043" ind1=" " ind2=" ">
    <subfield code="a">a-ii---</subfield>
  </datafield>
  <datafield tag="050" ind1="0" ind2="0">
    <subfield code="a">DS485.T7</subfield>
    <subfield code="b">P55 2015</subfield>
  </datafield>
  <datafield tag="082" ind1=" " ind2=" ">
    <subfield code="a">954.83</subfield>
    <subfield code="b">PIL/I</subfield>
  </datafield>
  <datafield tag="100" ind1="1" ind2=" ">
    <subfield code="a">Pillai, Manu S.,</subfield>
    <subfield code="d">1990-</subfield>
    <subfield code="e">author.</subfield>
  </datafield>
  <datafield tag="245" ind1="1" ind2="4">
    <subfield code="a">The Ivory throne :</subfield>
    <subfield code="b">chronicles of the House of Travancore /</subfield>
    <subfield code="c">Manu S. Pillai.</subfield>
  </datafield>
  <datafield tag="264" ind1=" " ind2="1">
    <subfield code="a">Noida, Uttar Pradesh, India :</subfield>
    <subfield code="b">HarperCollins Publishers, India,</subfield>
    <subfield code="c">2015.</subfield>
  </datafield>
  <datafield tag="300" ind1=" " ind2=" ">
    <subfield code="a">694 pages, 16 unnumbered pages of plates :</subfield>
    <subfield code="b">illustrations (some color) ;</subfield>
    <subfield code="c">23 cm</subfield>
  </datafield>
  <datafield tag="336" ind1=" " ind2=" ">
    <subfield code="a">text</subfield>
    <subfield code="b">txt</subfield>
    <subfield code="2">rdacontent</subfield>
  </datafield>
  <datafield tag="337" ind1=" " ind2=" ">
    <subfield code="a">unmediated</subfield>
    <subfield code="b">n</subfield>
    <subfield code="2">rdamedia</subfield>
  </datafield>
  <datafield tag="338" ind1=" " ind2=" ">
    <subfield code="a">volume</subfield>
    <subfield code="b">nc</subfield>
    <subfield code="2">rdacarrier</subfield>
  </datafield>
  <datafield tag="504" ind1=" " ind2=" ">
    <subfield code="a">Includes bibliographical references (pages 557-662) and index.</subfield>
  </datafield>
  <datafield tag="505" ind1="0" ind2=" ">
    <subfield code="a">A painter prince -- The queen of the Kupakas -- Three consorts -- The second favourite -- Her highness the Maharajah -- A Christian minister -- Malice domestique -- Tea and troubles -- The Boudoir Dewan -- Black magic -- In letters of gold -- Mother and son -- La revanche -- A real little grande dame -- A palace coup -- The ultimate eclipse -- The villain of the piece -- Rivers of blood -- The reluctant princess -- Once I had a kingdom.</subfield>
  </datafield>
  <datafield tag="520" ind1=" " ind2=" ">
    <subfield code="a">"In 1498, when Vasco da Gama set foot in Kerala looking for Christians and spices, he unleashed a wave of political fury that would topple local powers like a house of cards. The cosmopolitan fabric of a vibrant trading society with its Jewish and Arab merchants, Chinese pirate heroes and masterful Hindu Zamorins was ripped apart, heralding an age of violence and bloodshed. One prince, however, emerged triumphant from this descent into chaos. Shrewdly marrying Western arms to Eastern strategy, Martanda Varma consecrated the dominion of Travancore, destined to become one of the most dutiful pillars of the British Raj. What followed was two centuries of internecine conflict in one of India's premier princely states, culminating in a dynastic feud between two sisters battling to steer the fortunes of their house on the eve of Independence. Manu S. Pillai's retelling of this sprawling saga focuses on the remarkable life and work of Sethu Lakshmi Bayi, the last, and forgotten, queen of the House of Travancore. The supporting cast includes the flamboyant painter Raja Ravi Varma and his wrathful wife, scheming matriarchs of violent, profligate and sordid character, wifeswapping court favourites, vigilant English agents, quarrelling consorts and lustful kings. Extensively researched and vividly rendered, The Ivory Throne conjures up a dramatic world of political intrigues and factions, black magic and conspiracies, crafty ceremonies and splendorous temple treasures, all harnessed in a tragic contest for power and authority in the age of empire."--From source other than the Library of Congress</subfield>
  </datafield>
  <datafield tag="530" ind1=" " ind2=" ">
    <subfield code="a">Also issued as an e-book.</subfield>
  </datafield>
  <datafield tag="600" ind1="0" ind2="0">
    <subfield code="a">Setu Lakshmi Bayi,</subfield>
    <subfield code="c">Maharani of Travancore,</subfield>
    <subfield code="d">1895-1985.</subfield>
  </datafield>
  <datafield tag="651" ind1=" " ind2="0">
    <subfield code="a">Travancore (India)</subfield>
    <subfield code="x">History.</subfield>
  </datafield>
  <datafield tag="651" ind1=" " ind2="0">
    <subfield code="a">Travancore (India)</subfield>
    <subfield code="x">Kings and rulers.</subfield>
  </datafield>
  <datafield tag="906" ind1=" " ind2=" ">
    <subfield code="a">7</subfield>
    <subfield code="b">cbc</subfield>
    <subfield code="c">copycat</subfield>
    <subfield code="d">3</subfield>
    <subfield code="e">ncip</subfield>
    <subfield code="f">20</subfield>
    <subfield code="g">y-gencatlg</subfield>
  </datafield>
  <datafield tag="942" ind1=" " ind2=" ">
    <subfield code="2">ddc</subfield>
    <subfield code="c">BK</subfield>
    <subfield code="h">954.83</subfield>
    <subfield code="i">PIL/I</subfield>
    <subfield code="k">954.83</subfield>
    <subfield code="m">PIL/I</subfield>
  </datafield>
  <datafield tag="952" ind1=" " ind2=" ">
    <subfield code="0">0</subfield>
    <subfield code="1">0</subfield>
    <subfield code="2">ddc</subfield>
    <subfield code="4">0</subfield>
    <subfield code="7">0</subfield>
    <subfield code="8">HISTORY</subfield>
    <subfield code="a">MES</subfield>
    <subfield code="b">MES</subfield>
    <subfield code="c">HIS</subfield>
    <subfield code="d">2023-12-07</subfield>
    <subfield code="l">0</subfield>
    <subfield code="o">954.83 PIL/I</subfield>
    <subfield code="p">43907</subfield>
    <subfield code="r">2024-01-17 15:51:02</subfield>
    <subfield code="v">799.00</subfield>
    <subfield code="w">2023-12-07</subfield>
    <subfield code="y">BK</subfield>
    <subfield code="z">GL34R3</subfield>
  </datafield>
  <datafield tag="999" ind1=" " ind2=" ">
    <subfield code="c">43726</subfield>
    <subfield code="d">43726</subfield>
  </datafield>
</record>
